000 00299nam a22001217a 4500
008 230703b xxu||||| |||| 00| 0 eng d
020 _a0198765258
082 _28
_a342.06
_bWAD 2000
245 _aAdministrative Law
260 _bOxford University Press
_c2000
300 _aXC,1027p
942 _2ddc
_cBK
999 _c3541
_d3541